Music Quiz

Random Music or Lyrics Quiz

Opening Lyrics Through the Years Quiz Stats

 Plays Quiz not verified by Sporcle

Challenge
Share
Tweet
Embed
Score 0/48 Timer 14:00
0 Plays Today
Lyrics Song % Correct
1963: Love is a burning thing, and it makes a fiery ringRing of Fire
81.6%
1965: Well East Coast girls are hip, I really dig those styles they wearCalifornia Girls
67.7%
1992: I don't care if Monday's blue, Tuesday's gray and Wednesday tooFriday I'm In Love
48.7%
1969: We're caught in a trap, I can't walk out, because I love you too much babySuspicious Minds
44.5%
1964: Baby's good to me, you know she's happy as can be, you knowI Feel Fine
41.3%
1968: I am just a poor boy, though my story's seldom toldThe Boxer
39.4%
1991: What I got you gotta give it to your mama, what I got you gotta give it to your papaGive It Away
38.8%
1975: In the day we sweat it out on the streets of a runaway American dreamBorn To Run
37.5%
1974: She keeps Moet et Chandon in a pretty cabinetKiller Queen
37.4%
1986: A man walks down the street he says, 'Why am I soft in the middle now?'You Can Call Me Al
32.6%
1999: New Kids on the Block had a bunch of hits, Chinese food makes me sickSummer Girls
31.9%
1973: I've been really trying, baby, trying to hold back this feeling for so longLet's Get It On
28.1%
1994: You say, I only hear what I want to; and you say, I talk slow all the timeStay (I Missed You)
28%
1971: Sitting on a park bench, eyeing little girls with bad intentAqualung
27.5%
1983: When I'm-a walkin' I strut my stuff, and I'm so strung outBlister in the Sun
26.9%
1984: Dig if you will the picture, of you and I engaged in a kissWhen Doves Cry
25.6%
1981: I bought a toothbrush, some toothpaste, a flannel for my faceTempted
25.6%
1972: Holly came from Miami, F-L-A, hitchhiked her way across the USAWalk on the Wild Side
25.1%
1997: I'm packed and I'm holding, I'm smiling, she's living, she's golden, she lives for meSemi-Charmed Life
25%
1970: What'll you do when you get lonely, and nobody's waiting by your side?Layla
23.8%
1996: Reluctantly crouched at the starting line, engines pumping and thumping in timeThe Distance
23.8%
1982: Father wears his Sunday best; Mother's tired, she needs a restOur House
23.7%
1998: Wake up kids, we got the dreamer's diseaseYou Get What You Give
23%
2000: Her name is Noelle, I have a dream about herTeenage Dirtbag
21.8%
Lyrics Song % Correct
1979: Just a castaway, an island lost at seaMessage in a Bottle
21.7%
1995: I want you to know, that I'm happy for youYou Oughta Know
21.3%
1967: It's gettin' near dawn, when lights close their tired eyesSunshine of Your Love
20.9%
2006: I like where we are, when we drive in your carHere (In Your Arms)
20.1%
2005: City's breaking down on a camel's back, they just have to goFeel Good Inc
19.2%
1978: You get a shiver in the dark, it's raining in the park but meantimeSultans of Swing
17.3%
2001: She paints her nails, and she don't know, he's got her best friend on the phoneFlavor of the Weak
16%
2003: I am thinking it's a sign that the freckles in our eyes are mirror imagesSuch Great Heights
15.6%
1977: Well I remember every little thing as if it happened only yesterdayParadise By the Dashboard Light
13.9%
1976: All our times have come; Here, but now they're gone(Don't Fear) The Reaper
13.8%
1987: All you've got is this moment; 21st century's yesterdayNeed You Tonight
13.4%
1993: Step out the front door like a ghost into the fog where no one notices the contrast of white on whiteRound Here
13.2%
1988: I try to discover a little something to make me sweeterA Little Respect
11.4%
1966: I don't mind other guys dancing with my girl; that's fine, I know them all pretty wellThe Kids Are Alright
10.3%
1985: Welcome to your life, there's no turning backEverybody Wants to Rule the World
10%
1989: Outside there's a boxcar waiting, outside the family storeHere Comes Your Man
9.6%
1980: Begin the day with a friendly voice, a companion unobtrusiveThe Spirit of Radio
9%
1990: I was caught in the middle of a railroad trackThunderstruck
6.2%
2009: The moon was shining on the lake at night, the Slayer t-shirt fit the scene just right(If You're Wondering If I Want You To) I Want You To
5.4%
2008: As a young girl, Louis Vuitton, with your mother, on a sandy lawnCape Cod Kwassa Kwassa
4.9%
2002: I'm drunk off your kiss for another night in a row, this is becoming too routine for meMy Friends Over You
3.7%
2004: You have never been in love, until you've seen the stars reflect in the reservoirsFirst of the Gang To Die
3.3%
2007: Lie, lie to my face; Tell me it ain't no thing, that's what I want to hear3's & 7's
2.2%
2010: Maybe you were right after all, maybe I'm just bad newsHer Words Destroyed My Planet
1.1%

You're not logged in!

Compare scores with friends on all Sporcle quizzes.
OR
Log In

You Might Also Like...

Show Comments

Extras

Editor's Pick Jul 6, 2010ReportNominate
Tags:Artist Quiz, Lyrics Quiz, Song Quiz

Top Quizzes Today


Score Distribution

Your Account Isn't Verified!

In order to create a playlist on Sporcle, you need to verify the email address you used during registration. Go to your Sporcle Settings to finish the process.

Report this User

Report this user for behavior that violates our Community Guidelines.

Details: